| 000 | 01016cam a22002891 4500 | ||
|---|---|---|---|
| 001 | 9855740 | ||
| 003 | ARRUPE | ||
| 005 | 20130926162746.0 | ||
| 008 | 730605s1963 xx 000 0 eng | ||
| 010 | _a 64000753 | ||
| 015 | _aGB63-19766 | ||
| 035 | _a(OCoLC)636028 | ||
| 040 |
_aDLC _cNhD _dUk _dDLC |
||
| 042 | _apremarc | ||
| 050 | 0 | 0 |
_aBV813.2 _b.J413 1963 |
| 100 | 1 |
_aJeremias, Joachim, _d1900- _91491 |
|
| 245 | 1 | 4 |
_aThe origins of infant baptism; _ba further study in reply to Kurt Aland. _c[Translated by Dorothea M. Barton] |
| 260 |
_a[Naperville, Ill., _bA.R. Allenson _c[1963] |
||
| 300 |
_a91p. _c22cm. |
||
| 490 | 0 |
_aStudies in historical theology, _v1 |
|
| 500 | _aTranslation of Nochmals: die Anfänge der Kindertaufe. | ||
| 504 | _aBibliographical footnotes. | ||
| 650 | 0 |
_aInfant baptism _xHistory. _91492 |
|
| 700 | 1 |
_aAland, Kurt. _tDie Säuglingstaufe im Neuen Testament und in der alten Kirche. _91493 |
|
| 906 |
_a7 _bcbc _coclcrpl _du _encip _f19 _gy-gencatlg |
||
| 942 |
_2lcc _cMONOGRAPH |
||
| 999 |
_c118102 _d118102 |
||